[Event "84th Tata Steel Challengers 2022"]
[Site "Wijk aan Zee"]
[Date "2022.01.22"]
[Round "7.2"]
[White "Nguyen, Thai Dai Van"]
[Black "Maurizzi, Marc`Andria"]
[Result "1-0"]
[WhiteElo "2609"]
[BlackElo "2496"]
[Annotator "TA"]
[PlyCount "95"]
[EventDate "2022.01.15"]
[EventType "tourn"]
[EventCountry "NED"]
[SourceTitle "playchess.com"]
[Source "ChessBase"]
[SourceQuality "1"]

1. Nf3 f5 2. d4 Nf6 3. c4 g6 4. e3 Bg7 5. b4 d6 6. Bb2 O-O 7. Be2 c5 8. bxc5 dxc5 9. O-O cxd4 10. exd4 Ne4 11. Qc2 Nc6 12. Rd1 Qb6 13. Na3 Nb4 14. Qb3 Be6 15. Nb5 Qxb5 16. cxb5 Bxb3 17. axb3 Nd5 18. Rdc1 Bh6 19. Rc2 e6 20. Bc1 Bg7 21. Bc4 Rfc8 22. Be3 Nd6 23. Rcc1 Nxc4 24. bxc4 Nb6 25. c5 Nd5 26. g3 h6 27. h4 Kf7 28. Ra3 a6 29. Rca1 e5 30. bxa6 Rxa6 31. Rxa6 bxa6 32. Bxh6 Bxh6 33. Nxe5+ Kg8 34. Rxa6 Bg7 35. Rxg6 Kh7 36. Rd6 Nc3 37. Nf3 Kg8 38. Kg2 f4 39. g4 Ne4 40. Re6 Nc3 41. h5 Nb5 42. Rg6 Kh8 43. Rb6 Nxd4 44. h6 Bf8 45. Nxd4 Bxc5 46. Rc6 Rxc6 47. Nxc6 Kh7 48. g5 1-0

[Event "Tata Steel Tienkampen 2023"]
[Site "Wijk aan Zee"]
[Date "2023.01.27"]
[Round "7.2"]
[White "Beukema, Stefan"]
[Black "Martins, Vinicius Tine"]
[Result "1-0"]
[WhiteElo "2411"]
[BlackElo "2320"]
[Annotator "TA"]
[PlyCount "75"]
[EventDate "2023.01.20"]
[EventType "swiss"]
[EventCountry "NED"]
[SourceTitle "playchess.com"]
[Source "ChessBase"]
[SourceQuality "1"]

1. f4 d5 2. Nf3 Nf6 3. g3 c6 4. Bg2 Qb6 5. Nc3 g6 6. e3 Bg7 7. O-O O-O 8. Kh1 Nbd7 9. d3 Ng4 10. Qe1 e5 11. h3 d4 12. hxg4 dxc3 13. bxc3 Qa5 14. d4 exf4 15. gxf4 Nb6 16. g5 h6 17. e4 hxg5 18. fxg5 Qa4 19. Rf2 Be6 20. Bf4 Nd7 21. e5 Kh7 22. Nd2 Rh8 23. Ne4 Kg8+ 24. Kg1 Kf8 25. Nd6 Rb8 26. Qf1 Ke7 27. Be3 Rhf8 28. c4 Nb6 29. d5 cxd5 30. Bc5 Kd7 31. cxd5 Nxd5 32. c4 Bxe5 33. cxd5 Qh4 34. dxe6+ fxe6 35. Rf7+ Rxf7 36. Qxf7+ Kd8 37. Qe8+ Kc7 38. Qe7# 1-0

[Event "82nd Tata Steel Masters 2020"]
[Site "Wijk aan Zee"]
[Date "2020.01.18"]
[Round "7.3"]
[White "Caruana, Fabiano"]
[Black "Dubov, Daniil"]
[Result "1-0"]
[WhiteElo "2822"]
[BlackElo "2683"]
[Annotator "TA"]
[PlyCount "153"]
[EventDate "2020.01.11"]
[EventType "tourn"]
[EventCountry "NED"]
[SourceTitle "playchess.com"]
[Source "ChessBase"]
[SourceQuality "1"]

1. e4 c5 2. Nf3 Nc6 3. Bb5 g6 4. O-O Bg7 5. c3 Nf6 6. Re1 O-O 7. d4 d5 8. e5 Ne4 9. Be3 Qb6 10. Bxc6 bxc6 11. Qc1 Rb8 12. b3 Qa5 13. dxc5 Rxb3 14. axb3 Qxa1 15. b4 Qa4 16. Nd4 Bxe5 17. f3 Nf6 18. Qa3 Qxa3 19. Nxa3 Re8 20. Bg5 Bxd4+ 21. cxd4 Kg7 22. b5 Bd7 23. bxc6 Bxc6 24. Bd2 a6 25. Nc2 Bb5 26. Ra1 Nd7 27. Nb4 e6 28. Bf4 Ra8 29. Ra5 Nb8 30. g4 Kf8 31. Kf2 Ke8 32. g5 Nd7 33. Bc7 f6 34. h4 Ra7 35. Bd6 Ra8 36. Ke3 Kf7 37. f4 Kg7 38. Kd2 h5 39. Kc3 Kf7 40. Nd3 Bc6 41. Kb4 Ra7 42. Ra3 Kg7 43. Nc1 Kf7 44. Nb3 Bb5 45. Na5 Ra8 46. c6 Nb6 47. c7 f5 48. Re3 Rc8 49. Nb7 Nc4 50. Re1 Bd7 51. Kc5 Ke8 52. Be5 Kf8 53. Ra1 Bb5 54. Bd6+ Ke8 55. Na5 Nd2 56. Be5 Kd7 57. Kb6 Nc4+ 58. Nxc4 dxc4 59. Kc5 Re8 60. Rd1 Ba4 61. Ra1 Bb5 62. Ra2 Kc8 63. Kd6 Kb7 64. Bf6 Kc8 65. Bd8 Kb7 66. Ke5 Rf8 67. Ra3 Kc8 68. Kxe6 Re8+ 69. Kf7 Re4 70. Kxg6 Rxf4 71. Kxh5 Rxd4 72. g6 Rd6 73. Kg5 Rd3 74. g7 c3 75. Kxf5 Rg3 76. Bg5 Bc4 77. Ra4 1-0

[Event "84th Tata Steel Masters 2022"]
[Site "Wijk aan Zee"]
[Date "2022.01.22"]
[Round "7.3"]
[White "Van Foreest, Jorden"]
[Black "Vidit, Santosh Gujrathi"]
[Result "1-0"]
[WhiteElo "2702"]
[BlackElo "2727"]
[Annotator "TA"]
[PlyCount "85"]
[EventDate "2022.01.15"]
[EventType "tourn"]
[EventCountry "NED"]
[SourceTitle "playchess.com"]
[Source "ChessBase"]
[SourceQuality "1"]

1. d4 Nf6 2. c4 e6 3. Nc3 Bb4 4. Qc2 O-O 5. a3 Bxc3+ 6. Qxc3 d5 7. Nf3 dxc4 8. Qxc4 b6 9. Bg5 Bb7 10. Ne5 Qd6 11. e3 c5 12. Bf4 Qe7 13. dxc5 Rc8 14. Be2 Rxc5 15. Qd4 Nd5 16. Bg3 f6 17. Nc4 Ba6 18. b3 Nc6 19. Qb2 e5 20. Rd1 Na5 21. O-O Nxc4 22. bxc4 Nc7 23. Qb3 Qe6 24. f4 exf4 25. Rxf4 Re8 26. Bf2 Qf7 27. Rfd4 Bc8 28. Bg3 Ne6 29. Rd5 Rxd5 30. cxd5 Nc5 31. Qc3 Ne4 32. Qd4 Bd7 33. Bf4 g5 34. Bc7 Kg7 35. Rf1 Qe7 36. Bh5 Rc8 37. d6 Qe6 38. Bf3 Nc5 39. Bd5 Qe5 40. Qxe5 fxe5 41. Rf7+ Kg6 42. Rxd7 Nxd7 43. Be6 1-0

[Event "85th Tata Steel Challengers 2023"]
[Site "Wijk aan Zee"]
[Date "2023.01.21"]
[Round "7.3"]
[White "Sindarov, Javokhir"]
[Black "Roebers, Eline"]
[Result "1-0"]
[WhiteElo "2654"]
[BlackElo "2361"]
[Annotator "TA"]
[PlyCount "83"]
[EventDate "2023.01.10"]
[EventType "tourn"]
[EventCountry "NED"]
[SourceTitle "playchess.com"]
[Source "ChessBase"]
[SourceQuality "1"]

1. e4 e6 2. d4 d5 3. Nd2 c5 4. exd5 Qxd5 5. dxc5 Nf6 6. Nb3 Qxd1+ 7. Kxd1 Be7 8. Nf3 Nbd7 9. Bb5 a6 10. Ba4 O-O 11. Be3 Nd5 12. Bd4 f6 13. c4 Nb4 14. a3 Nc6 15. Bxc6 bxc6 16. Na5 Nb8 17. b4 Bd8 18. Nb3 e5 19. Be3 Be6 20. Nfd2 Nd7 21. Kc2 a5 22. Rhd1 f5 23. f3 a4 24. Nc1 Bf6 25. Ne2 f4 26. Bf2 e4 27. Nxf4 Bf5 28. fxe4 Bxa1 29. exf5 Rxf5 30. Rxa1 Rxf4 31. Bg3 Rg4 32. Re1 Rc8 33. Re2 Nf6 34. Kd3 Kf7 35. Nf3 Nd7 36. Nd4 Nf6 37. Be5 Ne8 38. h3 Rg6 39. Kc3 Nc7 40. Rf2+ Kg8 41. Bd6 Ne6 42. Nf5 1-0

[Event "84th Tata Steel Challengers 2022"]
[Site "Wijk aan Zee"]
[Date "2022.01.22"]
[Round "7.3"]
[White "Ganguly, Surya Shekhar"]
[Black "Murzin, Volodar"]
[Result "1/2-1/2"]
[WhiteElo "2627"]
[BlackElo "2519"]
[Annotator "TA"]
[PlyCount "148"]
[EventDate "2022.01.15"]
[EventType "tourn"]
[EventCountry "NED"]
[SourceTitle "playchess.com"]
[Source "ChessBase"]
[SourceQuality "1"]

1. e4 c6 2. Nf3 d5 3. d3 Qc7 4. Nbd2 Bg4 5. h3 Bh5 6. g4 Bg6 7. Bg2 e6 8. O-O Nf6 9. Re1 Be7 10. b3 O-O 11. Bb2 Nbd7 12. Qe2 Rfd8 13. e5 Ne8 14. Nf1 a5 15. Ng3 h6 16. h4 a4 17. g5 hxg5 18. Nxg5 Bxg5 19. hxg5 Qb6 20. Bf3 Nc7 21. Bh5 Qb4 22. Qg4 Qxg4 23. Bxg4 Nb5 24. Ne2 a3 25. Bc3 c5 26. f4 c4 27. bxc4 dxc4 28. dxc4 Nxc3 29. Nxc3 Nc5 30. Nb5 Rd2 31. Re2 Rxc2 32. Rxc2 Bxc2 33. Kf2 Ra4 34. Be2 Bd3 35. Nd6 Bxe2 36. Kxe2 Rb4 37. Ke3 Rb2 38. Nb5 Rh2 39. Kd4 b6 40. Kc3 Rf2 41. Nxa3 Rxf4 42. Kb4 Rf2 43. Kb5 Rb2+ 44. Kc6 Nd3 45. Nb5 Nxe5+ 46. Kxb6 Nxc4+ 47. Kc5 Na5 48. Kb6 Nc4+ 49. Kc5 Nd2 50. Kb6 Kh7 51. a4 Kg6 52. a5 Nb3 53. Re1 Nxa5 54. Kxa5 Kxg5 55. Nd6 f5 56. Rxe6 f4 57. Re7 Kf6 58. Rf7+ Ke6 59. Rxf4 Kxd6 60. Rg4 Rb7 61. Ka6 Re7 62. Kb5 Re5+ 63. Kc4 g5 64. Kd4 Ke6 65. Re4 Rxe4+ 66. Kxe4 Kf6 67. Kf3 Kf5 68. Kg3 g4 69. Kg2 Kf4 70. Kf2 g3+ 71. Kg2 Kg4 72. Kg1 Kh3 73. Kh1 g2+ 74. Kg1 Kg3 1/2-1/2

[Event "83rd Tata Steel Masters 2021"]
[Site "Wijk aan Zee"]
[Date "2021.01.23"]
[Round "7.3"]
[White "Tari, Aryan"]
[Black "Van Foreest, Jorden"]
[Result "0-1"]
[WhiteElo "2625"]
[BlackElo "2671"]
[Annotator "TA"]
[PlyCount "64"]
[EventDate "2021.01.16"]
[EventType "tourn"]
[EventCountry "NED"]
[SourceTitle "playchess.com"]
[Source "ChessBase"]
[SourceQuality "1"]

1. e4 e5 2. Nf3 Nc6 3. Bb5 a6 4. Ba4 Bc5 5. O-O Nge7 6. c3 Ba7 7. d4 Ng6 8. Bg5 f6 9. Be3 O-O 10. d5 Nce7 11. Bxa7 Rxa7 12. d6 cxd6 13. Qxd6 b5 14. Bb3+ Kh8 15. a4 Rb7 16. axb5 Rb6 17. Qd1 axb5 18. Nbd2 Bb7 19. c4 f5 20. Bc2 fxe4 21. Ng5 Nf5 22. Ngxe4 Nf4 23. Nf3 bxc4 24. Nxe5 Nd4 25. Re1 Nxc2 26. Qxc2 Re6 27. Qc3 Qe7 28. Ra5 d6 29. Ng5 Rxe5 30. Raxe5 dxe5 31. Rxe5 Qf6 32. Qc2 Nd3 0-1

[Event "Tata Steel Tienkampen 2023"]
[Site "Wijk aan Zee"]
[Date "2023.01.27"]
[Round "7.3"]
[White "Lopez, Jasel"]
[Black "Pham, Khoi"]
[Result "0-1"]
[WhiteElo "2434"]
[BlackElo "2353"]
[Annotator "TA"]
[PlyCount "80"]
[EventDate "2023.01.20"]
[EventType "swiss"]
[EventCountry "NED"]
[SourceTitle "playchess.com"]
[Source "ChessBase"]
[SourceQuality "1"]

1. d4 Nf6 2. c4 e6 3. Nf3 d5 4. Nc3 a6 5. cxd5 exd5 6. Bg5 Be6 7. e3 Nbd7 8. Be2 Bd6 9. O-O c6 10. a3 Qc7 11. Qc2 h6 12. Bh4 O-O 13. Bg3 Bxg3 14. hxg3 Rfe8 15. b4 Nb6 16. Rfe1 Nc4 17. Bxc4 dxc4 18. e4 b5 19. Rad1 Qb7 20. d5 cxd5 21. e5 Nd7 22. Nd4 Bg4 23. f3 Bh5 24. f4 Bxd1 25. Qxd1 Rad8 26. Kh2 Nf8 27. f5 Nh7 28. Qg4 Ng5 29. f6 g6 30. Qf4 Qc7 31. Nd1 Kh7 32. Nf2 Rh8 33. Ng4 Kg8 34. Kg1 Re8 35. Kf2 Qb6 36. Qe3 h5 37. Nh2 Ne4+ 38. Kg1 Rxe5 39. Nhf3 Re8 40. Qg5 Qd8 0-1

[Event "86th Tata Steel Tienkamp 2024"]
[Site "Wijk aan Zee"]
[Date "2024.01.26"]
[Round "7.3"]
[White "Van Foreest, Machteld"]
[Black "De Winter, Arthur"]
[Result "1/2-1/2"]
[WhiteElo "2363"]
[BlackElo "2409"]
[Annotator "TA"]
[PlyCount "81"]
[EventDate "2024.01.02"]
[EventType "tourn"]
[EventCountry "NED"]
[SourceTitle "playchess.com"]
[Source "ChessBase"]
[SourceQuality "1"]

1. e4 e5 2. Nf3 Nc6 3. Nc3 Nf6 4. d4 exd4 5. Nxd4 Nxe4 6. Nxe4 Qe7 7. Nb5 Qxe4+ 8. Be2 Bb4+ 9. c3 Ba5 10. O-O O-O 11. Bd3 Qh4 12. g3 Qf6 13. h4 Ne5 14. Be4 h6 15. Be3 d5 16. Bg2 Bg4 17. Qa4 Bb6 18. Rfe1 c6 19. Bxb6 axb6 20. Qd4 Rae8 21. Re3 Re7 22. Rae1 Rfe8 23. Na3 Nf3+ 24. Bxf3 Qxd4 25. cxd4 Rxe3 26. Rxe3 Rxe3 27. Bxg4 Re4 28. Bc8 Rxd4 29. Bxb7 c5 30. Kf1 Rd2 31. Ke1 Rxb2 32. Bxd5 b5 33. Kd1 c4 34. f3 h5 35. Kc1 Rxa2 36. Nxb5 Kf8 37. Nd6 Ra5 38. Be4 Ra1+ 39. Bb1 Ra3 40. Be4 Ra1+ 41. Bb1 1/2-1/2

[Event "83rd Tata Steel Masters 2021"]
[Site "Wijk aan Zee"]
[Date "2021.01.23"]
[Round "7.4"]
[White "Caruana, Fabiano"]
[Black "Vachier-Lagrave, Maxime"]
[Result "1-0"]
[WhiteElo "2823"]
[BlackElo "2784"]
[Annotator "TA"]
[PlyCount "73"]
[EventDate "2021.01.16"]
[EventType "tourn"]
[EventCountry "NED"]
[SourceTitle "playchess.com"]
[Source "ChessBase"]
[SourceQuality "1"]

1. e4 c5 2. Nf3 d6 3. d4 cxd4 4. Nxd4 Nf6 5. Nc3 a6 6. Bg5 e6 7. f4 Qb6 8. Qd2 Qxb2 9. Rb1 Qa3 10. Be2 Nc6 11. Nxc6 bxc6 12. e5 Nd5 13. Nxd5 exd5 14. e6 f6 15. Bh5+ Kd8 16. Bh4 d4 17. Bf2 Qc3 18. f5 Qxd2+ 19. Kxd2 c5 20. Bf3 Ra7 21. g4 g6 22. Bh4 Be7 23. Rb6 h5 24. h3 Ke8 25. Bg3 Rc7 26. Kd3 hxg4 27. hxg4 Rxh1 28. Bxh1 gxf5 29. gxf5 Bf8 30. Kc4 Rh7 31. Be4 Be7 32. Bxd6 Bxd6 33. Rxd6 Bb7 34. Bxb7 Rxb7 35. Rxa6 Rb2 36. Kxc5 Rxc2+ 37. Kxd4 1-0

[Event "82nd Tata Steel Masters 2020"]
[Site "Wijk aan Zee"]
[Date "2020.01.18"]
[Round "7.4"]
[White "Firouzja, Alireza"]
[Black "Xiong, Jeffery"]
[Result "1-0"]
[WhiteElo "2723"]
[BlackElo "2712"]
[Annotator "TA"]
[PlyCount "135"]
[EventDate "2020.01.11"]
[EventType "tourn"]
[EventCountry "NED"]
[SourceTitle "playchess.com"]
[Source "ChessBase"]
[SourceQuality "1"]

1. e4 e5 2. Nf3 Nc6 3. Bb5 Nf6 4. d3 Bc5 5. Bxc6 dxc6 6. O-O Nd7 7. c3 O-O 8. d4 Bd6 9. Bg5 f6 10. Bh4 Qe8 11. Re1 Nb6 12. Bg3 Bg4 13. Nbd2 Kh8 14. Qc2 Rd8 15. h3 Bh5 16. Nh4 exd4 17. Bxd6 d3 18. Qxd3 cxd6 19. f4 Bf7 20. Ndf3 Bg8 21. Nd4 c5 22. Ndf5 Qd7 23. b3 d5 24. e5 Be6 25. Ng3 f5 26. Nf3 h6 27. b4 d4 28. bxc5 dxc3 29. Qxc3 Nd5 30. Qd2 Qa4 31. Ne2 Nb4 32. Ned4 Nc6 33. Rad1 Bxa2 34. Qc3 Rd5 35. e6 Re8 36. Rd2 Qc4 37. Qxc4 Bxc4 38. Nxc6 bxc6 39. Rd4 Bb3 40. Re3 Ba2 41. e7 Kg8 42. Ra3 Rxd4 43. Nxd4 Bd5 44. Nxf5 g6 45. Nxh6+ Kg7 46. Ng4 Rxe7 47. Ne3 Be4 48. Kf2 Rd7 49. Nc4 Rb7 50. g4 Bd5 51. Ne3 Rb2+ 52. Kg3 Rb3 53. Rxa7+ Kf6 54. Kf2 Rb2+ 55. Kf1 Be4 56. Rd7 Rh2 57. Rd4 Bf3 58. Rd6+ Kg7 59. f5 gxf5 60. Nxf5+ Kf7 61. g5 Bh5 62. Rf6+ Kg8 63. g6 Rxh3 64. Ne7+ Kh8 65. Rf8+ Kg7 66. Rf7+ Kh6 67. Rh7+ Kg5 68. g7 1-0

[Event "84th Tata Steel Masters 2022"]
[Site "Wijk aan Zee"]
[Date "2022.01.22"]
[Round "7.4"]
[White "Esipenko, Andrey"]
[Black "Shankland, Sam"]
[Result "1/2-1/2"]
[WhiteElo "2714"]
[BlackElo "2708"]
[Annotator "TA"]
[PlyCount "102"]
[EventDate "2022.01.15"]
[EventType "tourn"]
[EventCountry "NED"]
[SourceTitle "playchess.com"]
[Source "ChessBase"]
[SourceQuality "1"]

1. e4 c5 2. Nf3 e6 3. d4 cxd4 4. Nxd4 Nc6 5. Nc3 Qc7 6. Be3 a6 7. g4 b5 8. Nxc6 Qxc6 9. Qd2 b4 10. Ne2 Qxe4 11. Rg1 Qc4 12. Ng3 Qc7 13. O-O-O Ne7 14. Nh5 Nd5 15. Bd4 Rg8 16. Qd3 g6 17. Bg2 gxh5 18. Bxd5 Bb7 19. Bxb7 Qxb7 20. gxh5 Rxg1 21. Rxg1 Qd5 22. b3 f5 23. Qe3 Qe4 24. Qd2 Rc8 25. Kb1 f4 26. Qd1 d6 27. f3 Qd5 28. Qd3 Rc7 29. Re1 Re7 30. Re4 e5 31. Qxa6 Kf7 32. Bb2 Qd1+ 33. Bc1 d5 34. Re2 Rc7 35. Rf2 d4 36. Qb6 Rc3 37. Qb7+ Be7 38. Qe4 Ke6 39. Qxh7 Qg1 40. Qg6+ Qxg6 41. hxg6 Kf6 42. Bd2 Rc8 43. Rg2 Kg7 44. Re2 Bd6 45. h4 Rh8 46. Be1 Kxg6 47. Kc1 Ra8 48. Kd2 Rxa2 49. Kd3 Kf5 50. h5 Bf8 51. h6 Bxh6 1/2-1/2

[Event "85th Tata Steel Masters 2023"]
[Site "Wijk aan Zee"]
[Date "2023.01.21"]
[Round "7.4"]
[White "Praggnanandhaa R"]
[Black "Van Foreest, Jorden"]
[Result "1-0"]
[WhiteElo "2684"]
[BlackElo "2681"]
[Annotator "TA"]
[PlyCount "127"]
[EventDate "2023.01.10"]
[EventType "tourn"]
[EventCountry "NED"]
[SourceTitle "playchess.com"]
[Source "ChessBase"]
[SourceQuality "1"]

1. d4 d5 2. c4 c6 3. Nf3 Nf6 4. e3 Bf5 5. Nc3 a6 6. Bd2 e6 7. Qb3 b5 8. c5 Nbd7 9. a4 e5 10. Qa3 b4 11. Qxb4 Rb8 12. Qa3 a5 13. Be2 Be7 14. O-O O-O 15. Rfd1 e4 16. Ne1 Bg4 17. Rdb1 Qc7 18. h3 Bxe2 19. Nxe2 Qa7 20. b4 axb4 21. Rxb4 Qa6 22. Rxb8 Rxb8 23. Nc1 Ne8 24. Nc2 Nc7 25. a5 Ra8 26. Rb1 Qc4 27. Qb3 Qxb3 28. Rxb3 Bd8 29. Be1 Kf8 30. Rb7 Ke8 31. Nb4 Nb8 32. f3 exf3 33. gxf3 Kd7 34. Nc2 Kc8 35. Rb1 Ne6 36. Kg2 f5 37. Nd3 Bc7 38. h4 Ra7 39. Ra1 Nd8 40. Nc1 h6 41. f4 h5 42. Kf3 Na6 43. Nd3 Rb7 44. Bd2 Ne6 45. Ke2 Bd8 46. Ne5 Kc7 47. Nb4 Nb8 48. Nf7 Be7 49. Rg1 Nd7 50. Ne5 Nxe5 51. fxe5 Kd7 52. Rg6 Rc7 53. Be1 f4 54. a6 Rc8 55. a7 fxe3 56. Kxe3 Nd8 57. Na6 Ra8 58. Ba5 Rxa7 59. Nb8+ Ke8 60. Bxd8 Bxd8 61. Nxc6 Ra3+ 62. Kf4 Bxh4 63. Rxg7 Ra6 64. Rc7 1-0

[Event "84th Tata Steel Challengers 2022"]
[Site "Wijk aan Zee"]
[Date "2022.01.22"]
[Round "7.4"]
[White "L'Ami, Erwin"]
[Black "Van Foreest, Lucas"]
[Result "0-1"]
[WhiteElo "2622"]
[BlackElo "2530"]
[Annotator "TA"]
[PlyCount "136"]
[EventDate "2022.01.15"]
[EventType "tourn"]
[EventCountry "NED"]
[SourceTitle "playchess.com"]
[Source "ChessBase"]
[SourceQuality "1"]

1. e4 e5 2. Nf3 Nc6 3. Bb5 a6 4. Ba4 Nf6 5. O-O Nxe4 6. d4 Be7 7. Bxc6 dxc6 8. Qe2 Bf5 9. dxe5 O-O 10. Be3 c5 11. Rd1 Qc8 12. Nbd2 Qe6 13. Bf4 Nxd2 14. Rxd2 Rad8 15. c4 Rxd2 16. Nxd2 Rd8 17. b3 Rd4 18. Bg3 Qd7 19. Nf1 h5 20. h3 h4 21. Bh2 Bg5 22. Kh1 b6 23. f3 a5 24. Ne3 Be6 25. Nf1 a4 26. Re1 Bf5 27. Bg1 Rd3 28. Be3 Bxe3 29. Nxe3 Rd2 30. Qf1 Bd3 31. Qg1 Rxa2 32. bxa4 Qd4 33. Rd1 Re2 34. Nd5 Qxe5 35. Qh2 Qxh2+ 36. Kxh2 Bxc4 37. Nxc7 Rb2 38. Kg1 Bb3 39. Ra1 c4 40. Nb5 Rd2 41. a5 bxa5 42. Rxa5 Rd5 43. Ra8+ Kh7 44. Rb8 Rd1+ 45. Kf2 Rd2+ 46. Kg1 Rd3 47. Rc8 Ba4 48. Rxc4 Bxb5 49. Rxh4+ Kg8 50. Rb4 Rd1+ 51. Kh2 Bd7 52. Rb2 Be6 53. Rb8+ Kh7 54. Rb2 Ra1 55. Rd2 Ra2 56. Rd4 Rc2 57. Kg1 Kg6 58. Kh2 Kf5 59. Kg1 Rc4 60. Rd2 Kf4 61. Kh2 Ke3 62. Rb2 Rc5 63. Kg1 Ra5 64. Rb4 Re5 65. Rb2 Bc4 66. Rc2 Kd3 67. Rb2 Rb5 68. Rf2 Kc3 0-1

[Event "85th Tata Steel Challengers 2023"]
[Site "Wijk aan Zee"]
[Date "2023.01.21"]
[Round "7.4"]
[White "Beerdsen, Thomas"]
[Black "Mishra, Abhimanyu"]
[Result "1-0"]
[WhiteElo "2515"]
[BlackElo "2559"]
[Annotator "TA"]
[PlyCount "115"]
[EventDate "2023.01.10"]
[EventType "tourn"]
[EventCountry "NED"]
[SourceTitle "playchess.com"]
[Source "ChessBase"]
[SourceQuality "1"]

1. e4 c5 2. Nf3 d6 3. d4 cxd4 4. Nxd4 Nf6 5. Nc3 a6 6. Bg5 e6 7. f4 Be7 8. Qf3 Qc7 9. O-O-O Nbd7 10. g4 h6 11. Bxf6 Bxf6 12. h4 Nb6 13. Be2 Bd7 14. g5 Be7 15. a4 Nxa4 16. Nxa4 Bxa4 17. Rd3 Qc5 18. Rhd1 Bd7 19. e5 d5 20. f5 hxg5 21. fxe6 fxe6 22. Rf1 Rf8 23. Qh5+ Kd8 24. Rxf8+ Bxf8 25. Bg4 Rc8 26. Bxe6 Qe7 27. Bxd5 Kc7 28. e6 Ba4 29. Rf3 Qb4 30. c3 Kb8 31. Kb1 Qd6 32. Qxg5 Be7 33. Qg3 Qxg3 34. Rxg3 Bxh4 35. Rxg7 Rc7 36. Rg8+ Ka7 37. Nf5 Bf6 38. Rf8 Bg5 39. Rg8 Bf6 40. Rf8 Bg5 41. Nd6 a5 42. Rf7 Kb8 43. Nxb7 Bb3 44. Rf5 Be7 45. Nxa5 Ba4 46. Be4 Ka7 47. Bc2 Be8 48. Nb3 Kb6 49. Nd4 Bc5 50. Rd5 Rg7 51. b4 Be7 52. Nf5 Rg1+ 53. Rd1 Rxd1+ 54. Bxd1 Bf6 55. Kb2 Bc6 56. Bh5 Kb5 57. e7 Kc4 58. Be2+ 1-0

[Event "Tata Steel Tienkampen 2023"]
[Site "Wijk aan Zee"]
[Date "2023.01.27"]
[Round "7.4"]
[White "Culum, Sanjin"]
[Black "Van Dael, Siem"]
[Result "0-1"]
[WhiteElo "2242"]
[BlackElo "2291"]
[Annotator "TA"]
[PlyCount "136"]
[EventDate "2023.01.20"]
[EventType "swiss"]
[EventCountry "NED"]
[SourceTitle "playchess.com"]
[Source "ChessBase"]
[SourceQuality "1"]

1. d4 Nf6 2. Nf3 g6 3. g3 Bg7 4. Bg2 O-O 5. O-O d6 6. c4 Bf5 7. Nc3 Ne4 8. Nd5 c6 9. Ne3 Be6 10. b3 d5 11. Qc2 Nd7 12. Bb2 Bh6 13. Nd2 f5 14. f4 g5 15. Nxe4 fxe4 16. f5 Bf7 17. Ng4 Bg7 18. Ne5 Nf6 19. Qd2 h6 20. cxd5 Bxd5 21. e3 a5 22. Rfc1 Nd7 23. Qc2 Nf6 24. Ba3 Re8 25. Rf1 h5 26. Rab1 Bh6 27. Qe2 a4 28. b4 b5 29. Rbc1 Qd6 30. Rc2 Kh7 31. h3 g4 32. h4 Nd7 33. Bb2 a3 34. Bc3 Rf8 35. Qe1 Nb6 36. Kh2 Rf6 37. Re2 Na4 38. Ba1 Raf8 39. Qb1 Nb2 40. Bxb2 axb2 41. a3 Ra8 42. Qxb2 e6 43. fxe6 Rxf1 44. Bxf1 Qxe6 45. Bg2 Rf8 46. Qc2 Qf5 47. a4 bxa4 48. Qxa4 Bg7 49. Nxc6 Bc4 50. Rd2 Bb5 51. Qc2 Bd3 52. Qc5 Qxc5 53. dxc5 Bh6 54. Ne5 Bxe3 55. Ra2 Re8 56. Ra7+ Kh6 57. Nf7+ Kg6 58. Nd6 Re6 59. Rd7 Bf2 60. c6 e3 61. c7 e2 62. Ne4 Rxe4 63. Rd6+ Kg7 64. Rd7+ Kg6 65. Rd6+ Kg7 66. Rd7+ Kf6 67. Rd6+ Ke7 68. Bxe4 Bxg3+ 0-1

[Event "83rd Tata Steel Masters 2021"]
[Site "Wijk aan Zee"]
[Date "2021.01.23"]
[Round "7.5"]
[White "Giri, Anish"]
[Black "Grandelius, Nils"]
[Result "1-0"]
[WhiteElo "2764"]
[BlackElo "2663"]
[Annotator "TA"]
[PlyCount "77"]
[EventDate "2021.01.16"]
[EventType "tourn"]
[EventCountry "NED"]
[SourceTitle "playchess.com"]
[Source "ChessBase"]
[SourceQuality "1"]

1. e4 c5 2. Nf3 d6 3. d4 cxd4 4. Nxd4 Nf6 5. Nc3 a6 6. f3 e5 7. Nb3 Be6 8. Be3 Be7 9. Qd2 h5 10. Nd5 Nxd5 11. exd5 Bf5 12. Be2 a5 13. a4 O-O 14. O-O Nd7 15. f4 exf4 16. Bxf4 Rc8 17. c3 Nf6 18. Be3 Be4 19. Bd4 Nxd5 20. Bf3 Bg5 21. Qe2 Bxf3 22. Qxf3 Nf6 23. Qf5 Ng4 24. Qxa5 Re8 25. Qxd8 Bxd8 26. Rfe1 Ne5 27. Nd2 Re6 28. Red1 Kf8 29. b4 Nc6 30. Bf2 Ne5 31. a5 Rxc3 32. b5 Ng4 33. Bd4 Rd3 34. Nc4 Rxd4 35. Rxd4 Bf6 36. Rdd1 d5 37. Nb6 Ne3 38. Nd7+ Ke7 39. Nxf6 1-0

[Event "84th Tata Steel Masters 2022"]
[Site "Wijk aan Zee"]
[Date "2022.01.22"]
[Round "7.5"]
[White "Duda, Jan-Krzysztof"]
[Black "Caruana, Fabiano"]
[Result "0-1"]
[WhiteElo "2760"]
[BlackElo "2792"]
[Annotator "TA"]
[PlyCount "106"]
[EventDate "2022.01.15"]
[EventType "tourn"]
[EventCountry "NED"]
[SourceTitle "playchess.com"]
[Source "ChessBase"]
[SourceQuality "1"]

1. d4 Nf6 2. Nf3 d5 3. Bf4 g6 4. e3 Bg7 5. Be2 O-O 6. Nbd2 c5 7. c3 b6 8. Ne5 Nfd7 9. h4 Nxe5 10. Bxe5 Nc6 11. Bxg7 Kxg7 12. h5 Qd6 13. Qa4 cxd4 14. exd4 Bf5 15. Nf1 g5 16. Ne3 Bd7 17. h6+ Kh8 18. Qb3 e6 19. Rd1 Rac8 20. Qc2 f5 21. c4 Ne7 22. Qc3 Ng6 23. b3 Qe7 24. g3 Bc6 25. Rh5 Qf6 26. Rd2 Ne7 27. Nc2 f4 28. gxf4 gxf4 29. Kd1 Be8 30. Rh3 Bg6 31. Ne1 Bf5 32. Rh1 dxc4 33. bxc4 b5 34. c5 Nd5 35. Qb2 b4 36. Bd3 a5 37. Kc1 Nc3 38. Nf3 Rfd8 39. Qc2 Bxd3 40. Rxd3 Rd5 41. Ne5 Nb5 42. Rhd1 Nxd4 43. Rxd4 Rcxc5 44. Rxd5 Rxc2+ 45. Kxc2 exd5 46. Rxd5 Kg8 47. Rxa5 Qf5+ 48. Kb3 Qb1+ 49. Kc4 Qe4+ 50. Kb3 f3 51. Nc4 Qb1+ 52. Ka4 Qxa2+ 53. Kb5 b3 0-1

[Event "82nd Tata Steel Masters 2020"]
[Site "Wijk aan Zee"]
[Date "2020.01.18"]
[Round "7.5"]
[White "Artemiev, Vladislav"]
[Black "So, Wesley"]
[Result "1/2-1/2"]
[WhiteElo "2731"]
[BlackElo "2765"]
[Annotator "TA"]
[PlyCount "81"]
[EventDate "2020.01.11"]
[EventType "tourn"]
[EventCountry "NED"]
[SourceTitle "playchess.com"]
[Source "ChessBase"]
[SourceQuality "1"]

1. Nf3 d5 2. e3 Nf6 3. c4 e6 4. Nc3 dxc4 5. Bxc4 a6 6. O-O c5 7. Be2 Nc6 8. d4 cxd4 9. exd4 Be7 10. Be3 Ng4 11. Bf4 Nf6 12. Rc1 O-O 13. Be3 Ng4 14. Bd3 Nxe3 15. fxe3 b6 16. Be4 Bb7 17. Ne5 Nxe5 18. Bxb7 Ra7 19. Be4 Nd7 20. Qe2 b5 21. Bf3 Rc7 22. a4 bxa4 23. Qxa6 a3 24. bxa3 Qc8 25. Qxc8 Rfxc8 26. Ne2 Rxc1 27. Rxc1 Rxc1+ 28. Nxc1 Bxa3 29. Nd3 Kf8 30. Bc6 Nb6 31. e4 Ke7 32. e5 Nc4 33. Kf2 f6 34. Bb5 Nb2 35. Nf4 fxe5 36. dxe5 Nd1+ 37. Kf3 Bb2 38. Ba4 Nc3 39. Bc6 Na2 40. Nd3 Bc3 41. Be4 1/2-1/2

[Event "85th Tata Steel Masters 2023"]
[Site "Wijk aan Zee"]
[Date "2023.01.21"]
[Round "7.5"]
[White "Gukesh D"]
[Black "So, Wesley"]
[Result "0-1"]
[WhiteElo "2725"]
[BlackElo "2760"]
[Annotator "TA"]
[PlyCount "68"]
[EventDate "2023.01.10"]
[EventType "tourn"]
[EventCountry "NED"]
[SourceTitle "playchess.com"]
[Source "ChessBase"]
[SourceQuality "1"]

1. e4 e5 2. Nf3 Nc6 3. Bb5 Nf6 4. d3 Bc5 5. c3 O-O 6. O-O d5 7. exd5 Qxd5 8. Bc4 Qd8 9. b4 Bd6 10. Nbd2 h6 11. Re1 Re8 12. a4 a6 13. Qc2 Be6 14. Bb2 Qd7 15. Re2 Bf5 16. Rae1 Re7 17. h3 Rae8 18. Ne4 Nh5 19. Bc1 Kh8 20. Nh4 Be6 21. Qd1 Qd8 22. b5 Na5 23. Bxe6 Rxe6 24. Nf5 Bf8 25. Qc2 axb5 26. axb5 b6 27. d4 Nf4 28. Rd2 Qd5 29. Ne3 Qxb5 30. d5 Rg6 31. Ng3 Bc5 32. Qe4 Bxe3 33. fxe3 Nc4 34. Rf2 Nd6 0-1